Тест на общие знания №30 - Statistics

General Stats
  • This quiz has been taken 44 times
  • The average score is 9 of 20
Answer Stats
Вопрос Ответ % Correct
Какая нота идёт после "соль"? ля
97%
Как называется сумма длин всех сторон фигуры? периметр
90%
Как римскими цифрами пишется число 30? XXX
87%
Какая часть тела отсутствует у статуи Венеры Милосской? руки
77%
Какую, ставшую устойчивой, фразу произносил на репетициях Константин Станиславский, чтобы продемонстрировать недовольство игрой актёров? "Не верю!"
58%
В каком городе находятся Авентин, Палантин и Капитолий? Рим
52%
Кто первым создал прототипы танка, самолёта и водолазного скафандра? Леонардо да Винчи
52%
Самым твёрдым проявлением какого элемента является алмаз? углерод
48%
Как назывались корабли викингов? драккары
42%
В честь какого индейского племени была названа американская модель вертолёта AH-64? апачи
35%
Кто впервые появился в мультфильме "Пароходик Вилли" 1928-го года? Микки Маус
35%
Назовите аналог Аида из римской мифологии Плутон
32%
Кто сыграл роль Вито Корлеоне из серии фильмов "Крёстный отец"? Марлон Брандо
29%
Как называется изображение, нарисованное во всю стену здания? мурал
29%
Взрослой сатирической версией какой телепередачи является программа "Тушите свет!", выходившая с 2000-го по 2003-й год? "Спокойной ночи, малыши!"
26%
Какая фамилия была у Орвилла и Уилбура, продемонстрировавших своё изобретение 17-го декабря 1903-го года? Райт
23%
Вместо чего древние египтяне использовали палочку, греки - тряпочку, римляне - веточку оливы? зубная щётка
23%
Настоящее имя какого музыканта - Гордон Мэттью Томас Самнер? Стинг
23%
Валютой какой страны, помимо Туркменистана, является манат? Азербайджан
23%
Чьими дочерьми были Гонерилья, Регана и Корделия? король Лир
16%
No matching quizzes found
Score Distribution
Percent of People with Each Score
Percentile by Number Answered
Your Score History
You have not taken this quiz